01697nam a22002297a 4500003000900000005001700009007000300026008004100029020001800070040002500088082002800113100002500141245021200166260003700378300003100415504002800446505084600474650005501320650004301375700001801418700003101436DO-SdBNP20250701130238.0ta211119b2020 dr ac||| |||| 00| 0 spa d a9789945924619 aDO-SdBNPbspacBNPHU 4a791.43097293bL865s2221 aLora, Félix Manuel14aLas salas de cine en la República Dominicana : bhistoria, desarrollo y evolución de la exhibición y distribución cinematográfica /cFélix Manuel Lora y Martha Checo ; prólogo, Yvette Mrichal. aSanto Domingo : bDGCINE,c2020. a111 p. : bil. ; c25 cm.  aBibliografía : p. 1050 aPrólogo, 7.-- Tras la historia de una nostalgia fílmica, 9.-- El inicio de la exhibición y distribución en la historia cinematográfica dominicana, 13.-- Las primeras regulaciones a las exhibiciones cinematográficas, 21.-- Desde los años 20 al 60: algunos hitos en Santo Domingo, 23.-- De la zona intramuros a las zonas populares, 27.-- Los autocinemas de Santo Domingo, 47.-- Las experiencias de la exhibición en el interior del país, 49.-- Los multicines: las pantallas se multiplican, 65.-- Una amenaza para el sector, 72.-- Los malls y las llegadas de los nuevos complejos, 77.-- Dos empresas y una importante década, 84.-- Los circuitos cinematográficos independientes, 87.-- La ley de cine, una garantía para el sector exhibidor, 95.-- Fuentes referenciales, 105.-- Anexo: salas de cine antiguas y vigentes, 107.10aCinematografíazRepública DominicanaxHistoria14aCinezRepública DominicanaxHistoria1 aCheco, Martha1 aMrichal, Yvette,epról.